| 000 | 00446cam a2200169ua 4500 | ||
|---|---|---|---|
| 020 | _a9971-51-174-6 | ||
| 020 | _a9788126528387 | ||
| 082 |
_a621.4022 _bWEL/FU |
||
| 100 | _aWelty, James R . | ||
| 245 | _aFundamentals of momentum, heat and mass transfer / | ||
| 260 |
_aLondon : _bJohn Wiley & Sons , _c1984. |
||
| 300 | _a803 ; . | ||
| 500 | _a20465, CSS | ||
| 700 | 1 | _aWicks , Charles E . | |
| 700 | 1 | _aWilson, Robert E . | |
| 942 | _cBK | ||
| 999 |
_c7218 _d7218 |
||